Social media marketing a jeho význam v marketingových stratégiách podnikateľských subjektov v SR

Využitie sociálnych médií v marketingových stratégiách podnikateľských subjektov v SR. Priama úmernosť medzi interaktivitou v marketingovej komunikácií a dôveryhodnosťou firmy. Výskum využitia sociálnych médií podnikateľskými subjektmi na Slovensku a jeho parciálne výsledky.

Guardado en:
Detalles Bibliográficos
Autor principal: Olexová, Romana, 1987-
Formato: Capítulo de libro
Lenguaje:eslovaco
Materias:
Etiquetas: Agregar Etiqueta
Sin Etiquetas, Sea el primero en etiquetar este registro!

MARC

LEADER 00000nla a2200000 4500
001 0167222
005 20240502072921.6
041 0 |a slo 
044 |a SK 
245 1 0 |a Social media marketing a jeho význam v marketingových stratégiách podnikateľských subjektov v SR  |c Romana Olexová 
500 |a Príspevok reflektuje poznatky rozpracované v Projekte mladých vedeckých pracovníkov a doktorandov do 30 rokov 2316076 - e-marketing a jeho využitie v marketingových stratégiách trhových subjektov v podmienkach SR 
520 |a Využitie sociálnych médií v marketingových stratégiách podnikateľských subjektov v SR. Priama úmernosť medzi interaktivitou v marketingovej komunikácií a dôveryhodnosťou firmy. Výskum využitia sociálnych médií podnikateľskými subjektmi na Slovensku a jeho parciálne výsledky. 
610 2 0 |a marketing 
610 2 0 |a stratégia marketingová 
610 2 0 |a komunikácia marketingová 
610 2 0 |a siete sociálne 
610 2 0 |a propagácia priama 
610 2 0 |a médiá 
610 2 0 |a výskum aplikovaný 
100 1 |a Olexová, Romana, 1987-